| 000 | 00610cam a2200169 i 4500 | ||
|---|---|---|---|
| 005 | 20251124104359.0 | ||
| 008 | 250721s1990 su gr 000 0 ara d | ||
| 082 | 1 | 4 |
_a211.4 _bإ ب ر |
| 100 | 1 |
_aالقيم، إبراهيم الأخضر _eمؤلف. |
|
| 245 | 1 | 0 |
_aتكبير الختم بين القراء والمحدثين / _cتأليف ابراهيم الأخضر القيم. |
| 264 | 3 | 1 |
_aجدة : _bدار المجتمع، _c1990. |
| 300 | _a54 صفحة. | ||
| 650 | 1 | 7 | _aالقرآن الكريم. |
| 650 | 1 | 7 | _aقراءات القرآن السبع. |
| 942 |
_2ddc _cBK |
||
| 999 |
_c5847 _d5847 |
||